Fan-tastic.

Bibliographic Details
Uniform Title:Fan-tastic (Santa Monica, Calif.)
Format: Journal
Language:English
Published: Santa Monica, CA : Dag Design, 1981-
Subjects:

MARC

Tag First Indicator Second Indicator Subfields
LEADER 00000cas a2200000 a 4500
001 in00003851221
005 20170926120234.0
008 880818u1981uuuucauqr p 0 a0eng c
010 |a sn 91013115  
012 |i 9102 
035 |a (OCoLC)ocm18368588 
035 |a (OCoLC)18368588 
040 |a CRU  |b eng  |c CRU  |d NST  |d OCLCQ  |d OCLCF  |d OCLCO  |d TXA  |d UtOrBLW 
042 |a pcc 
049 |a TXAM 
050 4 |a PZ1.A2  |b F343 
090 |a PN3433.6  |b .F343 
130 0 |a Fan-tastic (Santa Monica, Calif.) 
245 1 0 |a Fan-tastic. 
246 3 0 |a Fantastic 
264 1 |a Santa Monica, CA :  |b Dag Design,  |c 1981- 
300 |a volumes :  |b illustrations ;  |c 28 cm. 
310 |a Quarterly 
336 |a text  |b txt  |2 rdacontent 
337 |a unmediated  |b n  |2 rdamedia 
338 |a volume  |b nc  |2 rdacarrier 
362 0 |a Vol. 1, no. 1 (July-Sept. 1981)- 
500 |a The Cushing Library/Science Fiction copies form part of the Filk Collection. 
500 |a Title from cover. 
500 |a "Filk songs and other fannish delights." 
541 0 |a Donated v.1:no.1 ([1981]:July/Sept.)-v.1:no.2 ([1982]:Mar.) by Gwen Exner  |d 20160115 
650 0 |a Fan magazines.  |0 http://id.loc.gov/authorities/subjects/sh85047176 
650 7 |a Fan magazines.  |2 fast  |0 (OCoLC)fst01728966 
850 |a CU-Riv 
948 |a cataloged  |b h  |c 2017/6/1  |d c  |e ljohnson  |f 11:41:56 am 
994 |a C0  |b TXA 
999 f f |s 32b45ca0-a6cd-39dd-995b-0ef9cc7a9dc3  |i e23c93f6-b950-37a4-8ec6-c9c540d997b5  |t 0 
952 f f |p noncirc  |a Texas A&M University  |b College Station  |c Cushing Memorial Library & Archives  |d Cushing: Science Fiction (Does not check out)  |t 0  |e PN3433.6 .F343  |h Library of Congress classification  |i unmediated -- volume 
998 f f |a PN3433.6 .F343  |s v.1:no.1 ([1981]:July/Sept.)-v.1:no.2 ([1982]:Mar.)  |t 0  |l Cushing: Science Fiction (Does not check out)